Normal view
MARC view
- D'Aquila, Jill.
Entry Personal Name
001 - CONTROL NUMBER
- control field: 42842
003 - CONTROL NUMBER IDENTIFIER
- control field: OSt
005 - DATE AND TIME OF LATEST TRANSACTION
- control field: 20210202103712.0
008 - FIXED-LENGTH DATA ELEMENTS
- fixed length control field: 210202|| aca||aabn | a|a d
040 ## - CATALOGING SOURCE
- Original cataloging agency: OSt
- Transcribing agency: OSt
100 ## - HEADING--PERSONAL NAME
- Personal name: D'Aquila, Jill.
670 ## - SOURCE DATA FOUND
- Source citation: Work cat.: (OSt): D'Aquila, Jill., Integrating sustainability into the reporting process and elsewhere:, ©2012.
